Statistics for Texas A-Z

Click here to take the quiz!

General Stats

  • This quiz has been taken 5,671 times
  • The average score is 18 of 25

Answer Stats

Letter Hint Answer % Correct
DCity known as "The Big D"Dallas
98%
HLargest city in TexasHouston
97%
MDon't ____ with TexasMess
96%
LNickname: The ____ Star StateLone
96%
NBordering stateNew Mexico
94%
A"Remembered" battle of 1836Alamo
94%
TTexas has more of these weather events
than any other state
Tornadoes
92%
OSubstance known as "black gold"Oil
91%
YFolk song: The _____ Rose of TexasYellow
83%
ECity across the border from JuarezEl Paso
82%
ICalculator makers: Texas _________Instruments
77%
FThroughout history, six of these
have flown over Texas
Flags
76%
PLike Florida and Oklahoma, the
shape of Texas has a ...
Panhandle
75%
ZTexas rock trio known for long beardsZZ Top
74%
QTex-Mex dipping sauce: chile con _____Queso
73%
GCity hit by a hurricane in 1900Galveston
72%
SMajor airline headquarted at Love FieldSouthwest
69%
UBaylor or Rice, for exampleUniversity
69%
CMost-grown crop by valueCotton
60%
VBrand of "cheese" often used
to make Q
Velveeta
57%
RRiver forming the border with OklahomaRed River
51%
WBumper sticker: Keep Austin _____Weird
49%
KCultist who met a fiery end in 1993Koresh
42%
JJune 19th emancipation celebrationJuneteenth
39%
BNational park on the Rio GrandeBig Bend
32%

Score Distribution

Percentile by Number Answered

Percent of People with Each Score

Your Score History

You have not taken this quiz